Central Library OPAC University of Rajshahi

Everything is negotiable : (Record no. 75949)

MARC details
000 -LEADER
fixed length control field 00882pam a2200301 a 4500
001 - CONTROL NUMBER
control field 75949
003 - CONTROL NUMBER IDENTIFIER
rucl marc code BD-RjUL
005 - DATE AND TIME OF LATEST TRANSACTION
control field 20211209082751.0
008 - FIXED-LENGTH DATA ELEMENTS--GENERAL INFORMATION
fixed length control field 830207s1983 nju 001 0 eng
020 ## - INTERNATIONAL STANDARD BOOK NUMBER
International Standard Book Number 0132935716 (pbk.)
International Standard Book Number 013293597X (hard)
035 ## - SYSTEM CONTROL NUMBER
System control number (BD-RjUL)
040 ## - CATALOGING SOURCE
Original cataloging agency DLC
Transcribing agency DLC
Modifying agency DLC
Language of cataloging eng
041 ## - LANGUAGE CODE
Language code of text/sound track or separate title eng
082 00 - DEWEY DECIMAL CLASSIFICATION NUMBER
Classification number 658.4
Edition number 23
Author mark and year KEE 1983
100 1# - MAIN ENTRY--PERSONAL NAME
Personal name Kennedy, Gavin.
9 (RLIN) 233090
245 10 - TITLE STATEMENT
Title Everything is negotiable :
Remainder of title how to get a better deal /
Statement of responsibility, etc. Gavin Kennedy.
250 ## - EDITION STATEMENT
Edition statement Rev. American ed.
260 ## - PUBLICATION, DISTRIBUTION, ETC. (IMPRINT)
Place of publication, distribution, etc. Englewood Cliffs, N.J. :
Name of publisher, distributor, etc. Prentice-Hall,
Date of publication, distribution, etc. c1983.
300 ## - PHYSICAL DESCRIPTION
Pagination x, 228 p. ;
Size 23 cm.
500 ## - GENERAL NOTE
General note "A Spectrum book."
General note Includes index.
650 #0 - SUBJECT ADDED ENTRY--TOPICAL TERM
Topical term or geographic name as entry element Negotiation in business.
9 (RLIN) 233091
906 ## - LOCAL DATA ELEMENT F, LDF (RLIN)
a 7
b cbc
c orignew
d 1
e ocip
f 19
g y-gencatlg
942 ## - ADDED ENTRY ELEMENTS (KOHA)
Source of classification or shelving scheme Dewey Decimal Classification
Koha item type Books
Holdings
Lost status Source of classification or shelving scheme Damaged status Not for loan Collection code Permanent Location Current Location Shelving location Date acquired Source of acquisition Total Checkouts Full call number Date last seen Copy number Koha item type
  Dewey Decimal Classification   Not For Loan Non-fiction Central Library, University of Rajshahi Central Library, University of Rajshahi Reading Room 26/07/1987 Asia Foundation , Sanfrancisco, California U.S.A.   658.4 KEE 1983 23/09/2019 C-1 Books